Sports Quiz

Random Sports or World Quiz

World Cup Teams Quiz Stats

 Plays Quiz not verified by Sporcle

Also try: MLB Top 10 (2000s)
Challenge
Share
Tweet
Embed
Score 0/32 Timer 05:00
0 Plays Today
Team % Correct
'the land of the free'usa
99.3%
rafael nadal's countryspain
97%
the Queen's homelandEngland
96.3%
home of pizzaItaly
96.3%
geographically below #1mexico
95.5%
Not Niger, but...Nigeria
94.8%
underachieving south american teamargentina
94%
Number 1 in the worldBrazil
94%
Gutentag!Germany
94%
TokyoJapan
93.3%
home of FC Portoportugal
92.5%
My Big Fat Greek WeddingGreece
91%
Slov...Slovakia
90.3%
Red Light DistrictNetherlands
89.6%
Slov... Not # 26Slovenia
88.1%
G'day!Australia
87.3%
Team % Correct
a spicy foodchile
85.1%
prostitution scandalfrance
84.3%
South American team in Italy's groupParaguay
84.3%
Roger Federer's countrySwitzerland
84.3%
Cheese DanishDenmark
81.3%
opposite of # 18South Africa
81.3%
Diego Forlan's countryUruguay
80.6%
Samuel Eto'o's countryCameroon
78.4%
African team in USA's group in 2006 World CupGhana
77.6%
Northern AfricaAlgeria
76.9%
Coast in AfricaIvory Coast
76.9%
Below # 31New Zealand
76.1%
Novak Djokovic's countrySerbia
67.9%
Hugo Rodellega's countryHonduras
58.2%
South KoreaKorea Republic
19.4%
North KoreaKorea DPR
15.7%

You're not logged in!

Compare scores with friends on all Sporcle quizzes.
OR
Log In

You Might Also Like...

Show Comments

Extras

Created May 7, 2010ReportNominate
Tags:World Quiz, 2010, cup, team

Top Quizzes Today


Score Distribution

Your Account Isn't Verified!

In order to create a playlist on Sporcle, you need to verify the email address you used during registration. Go to your Sporcle Settings to finish the process.

Report this User

Report this user for behavior that violates our Community Guidelines.

Details: